Gaming Quiz

Random Gaming or Pokémon Quiz
Score 0/179 Timer 10:00
0 Plays Today
Category Move % Correct
PhysicalTackle
91.6%
PhysicalScratch
90.2%
SpecialHyper Beam
88.8%
StatusGrowl
88.3%
PhysicalQuick Attack
86.9%
PhysicalDouble Slap
84.1%
StatusLeer
83.6%
StatusSing
82.2%
PhysicalSlash
82.2%
PhysicalCut
81.8%
PhysicalGiga Impact
79.9%
PhysicalBody Slam
79.4%
PhysicalExplosion
79%
StatusTail Whip
79%
PhysicalMega Kick
77.6%
PhysicalMega Punch
77.6%
PhysicalExtreme Speed
77.1%
PhysicalDouble-Edge
76.6%
PhysicalStrength
75.7%
SpecialHyper Voice
74.3%
PhysicalFury Attack
73.8%
PhysicalPound
73.8%
PhysicalSelf-Destruct
73.8%
PhysicalSlam
73.8%
PhysicalTake Down
73.8%
PhysicalFury Swipes
73.4%
PhysicalWrap
73.4%
PhysicalHyper Fang
72.9%
StatusHowl
72.4%
StatusAttract
71.5%
StatusDouble Team
71.5%
PhysicalHeadbutt
71.5%
StatusProtect
71.5%
StatusRoar
71.5%
StatusSwords Dance
71.5%
PhysicalHorn Attack
71%
StatusRecover
70.6%
PhysicalBide
70.1%
PhysicalBind
70.1%
StatusConversion
70.1%
StatusConversion 2
69.6%
PhysicalHorn Drill
69.6%
PhysicalFrustration
68.7%
StatusFlash
68.2%
StatusSleep Talk
68.2%
PhysicalCrush Claw
67.8%
StatusDefense Curl
67.8%
PhysicalConstrict
67.3%
PhysicalDouble Hit
67.3%
PhysicalSuper Fang
67.3%
StatusAssist
66.4%
SpecialSnore
66.4%
SpecialHidden Power
65.9%
PhysicalComet Punch
65.4%
PhysicalTail Slap
65.4%
PhysicalReturn
64.5%
PhysicalRock Climb
64.5%
PhysicalFalse Swipe
64%
StatusSplash
64%
StatusWhirlwind
64%
Category Move % Correct
PhysicalBarrage
63.6%
PhysicalGuillotine
63.6%
StatusScreech
63.6%
SpecialTri-Attack
63.6%
PhysicalFake Out
63.1%
PhysicalRage
63.1%
PhysicalStomp
62.6%
StatusAcupressure
62.1%
StatusHarden
62.1%
PhysicalSecret Power
62.1%
StatusGlare
61.2%
StatusMilk Drink
61.2%
PhysicalEgg Bomb
60.7%
StatusMetronome
60.7%
StatusYawn
60.3%
PhysicalFlail
59.8%
SpecialJudgment
59.8%
StatusMimic
59.8%
StatusSupersonic
59.8%
StatusMean Look
59.3%
StatusAfter You
58.9%
PhysicalDizzy Punch
58.9%
PhysicalFacade
58.9%
StatusMinimize
57.9%
StatusSolf-Boiled
57.5%
PhysicalThrash
57.5%
StatusBaton Pass
57%
StatusEncore
57%
StatusLovely Kiss
57%
SpecialSwift
57%
StatusEndure
56.5%
StatusHelping Hand
56.5%
PhysicalCrush Grip
56.1%
StatusSharpen
56.1%
PhysicalSkull Bash
56.1%
SpecialWring Out
56.1%
StatusBelly Drum
55.6%
SpecialRazor Wind
55.1%
StatusWish
55.1%
PhysicalEndeavor
54.7%
StatusGrowth
54.7%
StatusSafeguard
54.7%
StatusTransform
54.7%
SpecialUproar
54.7%
PhysicalLast Resort
54.2%
StatusStockpile
54.2%
PhysicalVice Grip
54.2%
PhysicalCovet
53.7%
SpecialBoomburst
53.3%
StatusCamouflage
53.3%
StatusMorning Sun
52.8%
PhysicalRapid Spin
52.3%
SpecialSpit Up
52.3%
StatusSwagger
52.3%
StatusCopycat
51.9%
StatusOdor Sleuth
51.9%
PhysicalPay Day
51.9%
StatusPerish Song
51.9%
StatusSwallow
51.9%
StatusBlock
51.4%
Category Move % Correct
SpecialSonic Boom
51.4%
StatusLockOn
50.9%
StatusMe First
50.9%
StatusFollow Me
50.5%
PhysicalHead Charge
50.5%
StatusHeal Bell
50.5%
StatusRecycle
50.5%
SpecialRound
50%
SpecialEchoed Voice
49.5%
StatusSketch
49.5%
StatusBestow
49.1%
PhysicalRetaliate
49.1%
StatusSubstitute
49.1%
SpecialRelic Song
48.6%
StatusTeeter Dance
48.1%
StatusCaptivate
47.7%
StatusFocus Energy
47.7%
StatusRefresh
47.2%
StatusSweet Scent
47.2%
StatusWork Up
47.2%
PhysicalFeint
46.7%
StatusNature Power
46.7%
PhysicalSmelling Salts
46.3%
PhysicalPresent
45.8%
StatusSimple Beam
45.8%
StatusDisable
45.3%
StatusForesight
44.9%
StatusTickle
44.9%
StatusSlack Off
44.4%
StatusSmokescreen
43.5%
StatusCelebrate
43%
SpecialTrump Card
42.5%
StatusScary Face
42.1%
StatusEntrainment
41.6%
StatusPsych Up
41.6%
SpecialWeather Ball
41.1%
StatusMind Reader
40.2%
StatusShell Smash
40.2%
StatusExtreme EvoBoost
39.9%
PhysicalNatural Gift
38.8%
PhysicalSpike Cannon
38.3%
VariesBreakneck Blitz
36.9%
StatusHold Hands
36.4%
StatusLucky Chant
36.4%
PhysicalChip Away
36%
StatusConfide
35%
StatusHappy Hour
35%
StatusNoble Roar
34.6%
PhysicalPulverizing Pancake
33.6%
StatusPain Split
32.2%
SpecialTechno Blast
32.2%
StatusRest
31.3%
PhysicalHold Back
29.4%
StatusReflect Type
29.4%
PhysicalMulti-Attack
28.4%
StatusSpotlight
26.4%
StatusPlay Nice
18.7%
StatusTearful Look
16.9%
StatusLaser Focus
12.8%
Remove Ads.
Support Sporcle.
Get the best of Sporcle when you Go Orange. This ad-free experience offers more features, more stats, and more fun while also helping to support Sporcle. Thank you for becoming a member.

You're not logged in!

Compare scores with friends on all Sporcle quizzes.
OR
Log In

Show Comments

Extras

Top Quizzes Today


Score Distribution

Your Account Isn't Verified!

In order to create a playlist on Sporcle, you need to verify the email address you used during registration. Go to your Sporcle Settings to finish the process.

Report this User

Report this user for behavior that violates our Community Guidelines.

Details: